| 000 | 01856nac a22003017a 4500 | ||
|---|---|---|---|
| 003 | Co-PeBPM | ||
| 005 | 20240620155029.0 | ||
| 007 | ta | ||
| 008 | 240620s2022 CK o|||| |||| 00| 0 spa d | ||
| 020 | _a9789585105812 | ||
| 040 |
_aCo-PeBPM _bspa _cCo-PeBPM _erda |
||
| 082 | 0 | 4 |
_a327.730861 H673h _222 |
| 245 | 1 | 0 |
_aHistoria de una relación especial, Colombia-Estados Unidos, 200 años _b= History of a special relationship, Colombia - United States _cInvestigación Stephen Randall y otros; ilustración Daniela Chinchajoa y otros; traducción Tiziana Laudato, Camilo Roldán |
| 250 | _aEdición especial | ||
| 260 |
_aBogotá, Colombia _bPunto Aparte, _c2022 |
||
| 300 |
_a180 páginas _bilustraciones, diagramas, fotografías, mapas _c30 centímetros |
||
| 500 | _aColección de actualización bibliográfica para la Red Nacional de Bibliotecas Públicas del Ministerio de Cultura, Plan Nacional de Lectura, Escritura y Oralidad Leer es mi Cuento, 2022 | ||
| 520 | _aEste libro ilustrado, bilingüe y de gran formato celebra los doscientos años de relaciones bilaterales entre Colombia y Estados Unidos. Contiene artículos escritos por importantes historiadores, plasma los hitos más importantes de este legado conjunto a la luz de fotografías e ilustraciones, y ofrece una experiencia de lectura enmarcada dentro de la lógica visual y textos de una línea de tiempo | ||
| 650 | 1 | 4 |
_aCooperación internacional _2Lemb |
| 650 | 1 | 4 |
_aTratados comerciales _2Lemb |
| 650 | 1 | 4 |
_aColombia - Relaciones exteriores - Estados Unidos _2Lemb _ySiglos XX-XXI |
| 650 | 1 | 4 |
_aColombia - Condiciones económicas _2Lemb _ySiglos XX-XXI |
| 650 | 1 | 4 |
_aColombia - Política y gobierno _2Lemb _ySiglos XX-XXI |
| 700 |
_aChinchajoa, Daniela _eilustradora |
||
| 700 |
_aLaudato, Tiziana _etraducción |
||
| 700 |
_aRoldán, Camilo _etraducción |
||
| 942 |
_2ddc _cBK _n0 |
||
| 999 |
_c59268 _d59268 |
||